=LDR 00000nam 2200000 4500 =001 INLIS000000000040955 =005 20130612150517 =008 ***********************************ind** =035 ##$$0010-061300000040955 =041 ##$$a ind =082 ##$$a 641.5 =090 ##$$a 641.5, Ste l =100 ##$$a STEVANI, Zefha =245 ##$$a Libas habis berbagai penyakit dengan khasiat jus buah dan sayuran, Zefha stevani =260 ##$$a 2011 $b Jakarta =300 ##$$a Vii, 149 hlm, Ilus, 24 cm =650 ##$$a JUS, BUAH - RESEP =850 ##$$a NBPNMAT =990 ##$$a 0001/BPAP-NTB/20142014 =990 ##$$a 0001/BPAP-NTB/20142015